00809cam a2200253Ia 4500008004100000020002200041245008000063260006100143500002000204504004100224650003600265650002300301650003400324650002900358650003600387650002800423700001600451700002200467700001700489700002200506003000100528005001700529040000900546  a1857759141 (pbk.)00aHealthcare performance and organisational culture /cTim Scott ... [et al.] aAbingdon, Oxon, U.K. :bRadcliffe Medical Press,cc2003. aIncludes index. aIncludes bibliographical references. 0aHealth services administration. 0aCorporate culture. 0aOrganizational effectiveness. 0aOrganizational behavior.12aHealth Services Administration.22aOrganizational Culture.1 aScott, Tim. aMannion, Russell. aDavies, Huw. aMarshall, Martin.20230123122147.0 cNUST